That Poppy Quiz - Statistics

General Stats
  • This quiz has been taken 25 times
  • The average score is 10 of 15
Answer Stats
Question Answer % Correct
Finish the lyric: One day you'll see It won't be- Me
91%
What album does Poppy hate? Zig.... :(
91%
What is NOT a cinematic project by Poppy? Everybody Wants It All
83%
What is Poppy's debut album? Poppy.Computer
83%
What is Poppy's fourth album? Flux
78%
What is Poppy's most streamed song on Spotify? Girls In Bikinis
74%
What song is NOT a Am I A Girl? outtake Rule Me
70%
Did Mars Argo tank? yes
70%
What is Poppy's recent cancelled EP? Improbably Poppy
65%
What Bubblebath outtake has Poppy preformed live? New York
65%
What is Poppy's debut studio single? Everybody Wants To Be Poppy
57%
What albums has Poppy called her "three debut albums" Poppy.Computer, I Disagree, Negative Spaces
52%
What is Poppy's first song Doesn't Mean I'm Wrong
48%
What ISN'T a cancelled Poppy album? Grimes Collab Album
39%
What year did Poppy debut? 2015
35%
No matching quizzes found
Score Distribution
Percent of People with Each Score
Percentile by Number Answered
Your Score History
You have not taken this quiz